[Event "Novokuznetsk-ch"]
[Site "Novokuznetsk"]
[Date "2009.05.03"]
[Round "7"]
[White "Shirjaev, Alexandr"]
[Black "Lomantsov, Evgenij"]
[Result "1-0"]
[WhiteElo "2306"]
[BlackElo "2323"]
[PlyCount "95"]
[EventDate "2009.04.29"]
[EventType "tourn"]
[EventRounds "11"]
[EventCountry "RUS"]
[EventCategory "3"]
[SourceTitle "EXT 2012"]
[Source "ChessBase"]
[SourceDate "2011.11.24"]
[SourceVersion "1"]
[SourceVersionDate "2011.11.24"]
[SourceQuality "1"]

1. e4 c5 2. Nf3 d6 3. d4 cxd4 4. Nxd4 Nf6 5. Nc3 Bd7 6. Bg5 Nc6 7. Qd2 Nxd4 8. Qxd4 Qa5 9. Bd2 e5 10. Qe3 Qc7 11. Bb5 Be7 12. Bxd7+ Qxd7 13. Qd3 h6 14. Be3 0-0 15. 0-0 Rfc8 16. Rfd1 Rc6 17. Rac1 Rac8 18. Rd2 Rc4 19. f3 b6 20. Qe2 Qe6 21. Nd5 Nxd5 22. Rxd5 f5 23. b3 Rc3 24. Rd3 fxe4 25. fxe4 R3c7 26. c4 Rf8 27. Rcd1 Rcc8 28. Bc1 Rf6 29. Rf1 b5 30. cxb5 Rxf1+ 31. Qxf1 Qg4 32. Qe1 Bh4 33. g3 Rc2 34. Rd2 Rc5 35. Ba3 Rxb5 36. Qd1 Qxe4 37. gxh4 d5 38. Qe2 Qg6+ 39. Kh1 Qc6 40. Rc2 Qb7 41. Qf3 Rb6 42. Qf8+ Kh7 43. Qf5+ g6 44. Qxe5 Rc6 45. Rxc6 Qxc6 46. Bb2 d4+ 47. Kg1 Qd7 48. Qxd4 1-0

[Event "Novokuznetsk op"]
[Site "Novokuznetsk"]
[Date "2008.11.30"]
[Round "5"]
[White "Lomantsov, Evgenij"]
[Black "Shirjaev, Alexandr"]
[Result "1/2-1/2"]
[WhiteElo "2350"]
[BlackElo "2324"]
[PlyCount "120"]
[EventDate "2008.11.22"]
[EventType "swiss"]
[EventRounds "9"]
[EventCountry "RUS"]
[SourceTitle "CBM 127 Extra"]
[Source "ChessBase"]
[SourceDate "2009.01.08"]
[SourceVersion "2"]
[SourceVersionDate "2009.01.28"]
[SourceQuality "1"]

1. c4 c5 2. g3 Nf6 3. Nc3 d5 4. cxd5 Nxd5 5. Bg2 Nc7 6. f4 e6 7. b3 Be7 8. Bb2 0-0 9. Rc1 Nd5 10. Nf3 Nc6 11. 0-0 b6 12. Ne4 Bb7 13. Ne5 Rc8 14. a3 f6 15. Nxc6 Bxc6 16. Nf2 Qd7 17. e4 Nc7 18. a4 Rfd8 19. d3 b5 20. axb5 Bxb5 21. Qg4 Bxd3 22. Rfd1 Qb5 23. Nxd3 Rxd3 24. Bf1 Rxd1 25. Qxd1 Qc6 26. Qc2 Rd8 27. Bc4 Kh8 28. Qe2 a6 29. Re1 Nb5 30. Qg4 Nd4 31. Bxd4 cxd4 32. Qxe6 Qxe6 33. Bxe6 d3 34. Rd1 d2 35. Kf2 Bb4 36. Ke3 g6 37. Bc4 a5 38. Ke2 Kg7 39. e5 fxe5 40. fxe5 Rf8 41. Ke3 Rf5 42. Ke4 Kf8 43. h4 Ke7 44. Be2 Rf2 45. Ke3 Rh2 46. Bc4 Bc3 47. e6 Bb4 48. Rf1 Kd6 49. Rd1 h6 50. Kf3 Bc3 51. Ke3 g5 52. hxg5 hxg5 53. Kf3 Bf6 54. Ke3 Bc3 55. Kf3 Bd4 56. Ke4 Bf6 57. Kd3 Be5 58. Rxd2 Rxd2+ 59. Kxd2 Bxg3 60. Ke3 Ke7 1/2-1/2

[Event "Novokuznetsk op"]
[Site "Novokuznetsk"]
[Date "2008.11.29"]
[Round "4"]
[White "Shirjaev, Alexandr"]
[Black "Filimonov, Alexey"]
[Result "1/2-1/2"]
[WhiteElo "2324"]
[BlackElo "2233"]
[PlyCount "84"]
[EventDate "2008.11.22"]
[EventType "swiss"]
[EventRounds "9"]
[EventCountry "RUS"]
[SourceTitle "CBM 127 Extra"]
[Source "ChessBase"]
[SourceDate "2009.01.08"]
[SourceVersion "2"]
[SourceVersionDate "2009.01.28"]
[SourceQuality "1"]

1. e4 e5 2. Nc3 Bc5 3. Bc4 Nf6 4. d3 Nc6 5. f4 d6 6. Nf3 exf4 7. Bxf4 Bg4 8. Qd2 h6 9. 0-0-0 Nd4 10. Nxd4 Bxd4 11. Rdf1 Qd7 12. Be3 Bxe3 13. Qxe3 Be6 14. Qg3 Nh5 15. Bxe6 Qxe6 16. Qf3 Nf6 17. e5 dxe5 18. Qxb7 0-0 19. Qxc7 Rfc8 20. Qa5 Qd6 21. Re1 Rc5 22. Qa4 Rac8 23. Kb1 Rxc3 24. bxc3 Nd5 25. Kc1 Nxc3 26. Qb3 Qd4 27. Rhf1 Nd5 28. Kd2 Nf6 29. c3 Qg4 30. g3 e4 31. Rxf6 gxf6 32. Rxe4 Qf3 33. Re2 Rd8 34. d4 Kg7 35. Qb5 Rc8 36. Re3 Qg2+ 37. Qe2 Qb7 38. Ke1 Qh1+ 39. Kd2 Rb8 40. Kd3 Qb1+ 41. Qc2 Qf1+ 42. Qe2 Qb1+ 1/2-1/2

[Event "RUS-ch U26"]
[Site "Novokuznetsk"]
[Date "2007.10.30"]
[Round "9"]
[White "Tuzhik, Artem"]
[Black "Shirjaev, Alexandr"]
[Result "0-1"]
[WhiteElo "2316"]
[BlackElo "2307"]
[PlyCount "86"]
[EventDate "2007.10.22"]
[EventType "swiss"]
[EventRounds "9"]
[EventCountry "RUS"]
[SourceTitle "EXT 2009"]
[Source "ChessBase"]
[SourceDate "2008.11.26"]
[SourceVersion "1"]
[SourceVersionDate "2008.11.26"]
[SourceQuality "1"]

1. e4 c5 2. Nf3 Nc6 3. d4 cxd4 4. Nxd4 Nf6 5. Nc3 d6 6. Bg5 e6 7. Qd2 Be7 8. 0-0-0 0-0 9. Kb1 Nxd4 10. Qxd4 Nxe4 11. Nxe4 Bxg5 12. Nxg5 Qxg5 13. Qxd6 Bd7 14. h4 Qf6 15. Bd3 Bc6 16. Qg3 Rfd8 17. f3 h6 18. f4 Rd4 19. Rhf1 Rad8 20. Rde1 Kh8 21. Qf2 R8d5 22. g4 Bb5 23. Bxb5 Rxb5 24. b3 Rbd5 25. g5 Qg6 26. gxh6 Qxh6 27. Re5 b6 28. Qf3 Kg8 29. Rxd5 Rxd5 30. Qc3 Qxh4 31. Qc7 Qd8 32. Qxa7 b5 33. a3 g6 34. Qe3 Qf6 35. Qb6 Kg7 36. Qb8 Rh5 37. Rd1 Qc3 38. Qd6 e5 39. fxe5 Rxe5 40. Qd4 Qxd4 41. Rxd4 f5 42. c4 bxc4 43. b4 g5 0-1

[Event "RUS-ch U26"]
[Site "Novokuznetsk"]
[Date "2007.10.27"]
[Round "6"]
[White "Shirjaev, Alexandr"]
[Black "Khairullin, Ildar"]
[Result "0-1"]
[WhiteElo "2307"]
[BlackElo "2567"]
[PlyCount "104"]
[EventDate "2007.10.22"]
[EventType "swiss"]
[EventRounds "9"]
[EventCountry "RUS"]
[SourceTitle "EXT 2009"]
[Source "ChessBase"]
[SourceDate "2008.11.26"]
[SourceVersion "1"]
[SourceVersionDate "2008.11.26"]
[SourceQuality "1"]

1. e4 e5 2. Nc3 Nc6 3. Bc4 Nf6 4. d3 Na5 5. Nge2 d6 6. 0-0 Be7 7. f4 Nxc4 8. dxc4 exf4 9. Bxf4 0-0 10. Qd2 Be6 11. b3 Nd7 12. Rae1 Bh4 13. g3 Bf6 14. Kg2 Re8 15. Nd4 Bxd4 16. Qxd4 f6 17. Nd5 b6 18. b4 Ne5 19. Bxe5 dxe5 20. Qc3 c6 21. Ne3 Qd4 22. Qd3 a5 23. b5 cxb5 24. Nd5 Rac8 25. cxb5 Qxd3 26. cxd3 Bxd5 27. exd5 Red8 28. d4 exd4 29. Re6 Rxd5 30. Rxb6 d3 31. Rd1 Rc2+ 32. Kf3 Rxa2 33. h4 h5 34. Rb8+ Kh7 35. b6 d2 36. b7 Rb2 37. Ke4 Rdb5 38. Ra8 Re5+ 39. Kf3 Rxb7 40. Rxd2 Rb3+ 41. Kf2 Rf5+ 42. Kg2 Rff3 43. Rxa5 Rxg3+ 44. Kf2 Kg6 45. Ra7 Rbf3+ 46. Ke2 Rf4 47. Rdd7 Kh6 48. Re7 Rxh4 49. Kf2 Rg5 50. Red7 Rf4+ 51. Ke3 Rb4 52. Kf3 h4 0-1

[Event "Novokuznetsk Goriainov Memorial op"]
[Site "Novokuznetsk"]
[Date "2007.08.18"]
[Round "5"]
[White "Shirjaev, Alexandr"]
[Black "Sitnikov, Dmitrij"]
[Result "0-1"]
[WhiteElo "2313"]
[BlackElo "2406"]
[PlyCount "67"]
[EventDate "2007.08.14"]
[EventType "swiss"]
[EventRounds "9"]
[EventCountry "RUS"]
[SourceTitle "EXT 2009"]
[Source "ChessBase"]
[SourceDate "2008.11.26"]
[SourceVersion "1"]
[SourceVersionDate "2008.11.26"]
[SourceQuality "1"]

1. e4 c5 2. Nf3 a6 3. c4 b6 4. d4 cxd4 5. Nxd4 d6 6. Nc3 e6 7. Be2 Bb7 8. 0-0 Nf6 9. f3 Be7 10. Be3 0-0 11. Qd2 Nbd7 12. Rfd1 Rc8 13. Rac1 Kh8 14. g4 h6 15. g5 hxg5 16. Bxg5 Ne5 17. b3 Ng6 18. Bd3 Rc5 19. b4 Rc8 20. Qg2 Nh7 21. Be3 Ne5 22. Nce2 g5 23. Nb3 Rg8 24. c5 bxc5 25. bxc5 g4 26. f4 Nf3+ 27. Kh1 Rg6 28. Ned4 Nh4 29. Qb2 Bf6 30. c6 Ba8 31. e5 dxe5 32. Bxg6 Qd5+ 33. Kg1 exf4 34. Rc5 0-1

[Event "Novokuznetsk Goriainov Memorial op"]
[Site "Novokuznetsk"]
[Date "2007.08.14"]
[Round "2"]
[White "Shirjaev, Alexandr"]
[Black "Stroganov, Denis"]
[Result "1/2-1/2"]
[WhiteElo "2313"]
[BlackElo "2147"]
[PlyCount "122"]
[EventDate "2007.08.14"]
[EventType "swiss"]
[EventRounds "9"]
[EventCountry "RUS"]
[SourceTitle "EXT 2009"]
[Source "ChessBase"]
[SourceDate "2008.11.26"]
[SourceVersion "1"]
[SourceVersionDate "2008.11.26"]
[SourceQuality "1"]

1. e4 c5 2. Nf3 d6 3. d4 cxd4 4. Nxd4 Nf6 5. Nc3 g6 6. Be3 Bg7 7. f3 0-0 8. Qd2 Nc6 9. 0-0-0 Bd7 10. g4 Rc8 11. h4 h5 12. Nxc6 bxc6 13. g5 Ne8 14. Bd4 Qc7 15. Bxg7 Nxg7 16. f4 Qa5 17. Bh3 Bxh3 18. Rxh3 Rb8 19. Rf1 Qb4 20. b3 e6 21. Rd3 d5 22. Rd4 Qb6 23. Kb2 c5 24. Rd3 d4 25. Nb1 Qa6 26. Re1 Rfd8 27. Rd1 Qc6 28. Qe2 a5 29. c3 Qa6 30. cxd4 Rxd4 31. Qe3 Rxd3 32. Qxd3 c4 33. Qd6 Qxd6 34. Rxd6 cxb3 35. a4 e5 36. fxe5 Ne6 37. Rd5 Nf4 38. Rb5 Re8 39. Nc3 Nd3+ 40. Kxb3 Nxe5 41. Nd5 Ng4 42. Rxa5 Rxe4 43. Ra8+ Kg7 44. a5 Rd4 45. Nc7 Ne5 46. a6 Nc6 47. a7 Nxa7 48. Ne8+ Kf8 49. Nf6+ Ke7 50. Rxa7+ Ke6 51. Ra4 Rxa4 52. Kxa4 Kf5 53. Kb4 Kf4 54. Kc5 Kg3 55. Kd5 Kxh4 56. Ne4 Kg4 57. Ke5 h4 58. Kf6 Kf3 59. Nd2+ Kg2 60. Nc4 Kf2 61. Ne5 Kg3 1/2-1/2

[Event "Abaza op"]
[Site "Abaza"]
[Date "2007.07.??"]
[Round "2"]
[White "Shirjaev, Alexandr"]
[Black "Akchelov, Sergey"]
[Result "1/2-1/2"]
[WhiteElo "2313"]
[BlackElo "2144"]
[PlyCount "71"]
[EventDate "2007.07.16"]
[EventType "swiss"]
[EventRounds "9"]
[EventCountry "RUS"]
[SourceTitle "EXT 2022"]
[Source "ChessBase"]
[SourceDate "2021.10.06"]
[SourceVersion "1"]
[SourceVersionDate "2021.10.06"]
[SourceQuality "1"]

1. e4 c5 2. Nf3 e6 3. d4 cxd4 4. Nxd4 a6 5. Be2 Nc6 6. 0-0 Nge7 7. Be3 Nxd4 8. Bxd4 Nc6 9. Nc3 b5 10. Re1 Nxd4 11. Qxd4 Qc7 12. Rad1 Qc5 13. Qd3 Be7 14. e5 0-0 15. Qg3 f5 16. exf6 Bxf6 17. Ne4 Qe7 18. Nxf6+ Qxf6 19. Bf3 d5 20. Re5 Ra7 21. Rd4 Raf7 22. c3 Qh6 23. Re1 Rf4 24. Red1 Qf6 25. a3 Rxd4 26. Rxd4 Qf5 27. Bd1 Bb7 28. f4 e5 29. Bg4 Qf6 30. Rb4 exf4 31. Qf2 Qe5 32. Rd4 g5 33. Bf3 Kg7 34. Qd2 Rd8 35. b3 h6 36. c4 1/2-1/2

[Event "Abaza op"]
[Site "Abaza"]
[Date "2007.07.??"]
[Round "1"]
[White "Yurchenko, Vitaliy"]
[Black "Shirjaev, Alexandr"]
[Result "0-1"]
[WhiteElo "2065"]
[BlackElo "2313"]
[PlyCount "54"]
[EventDate "2007.07.16"]
[EventType "swiss"]
[EventRounds "9"]
[EventCountry "RUS"]
[SourceTitle "EXT 2022"]
[Source "ChessBase"]
[SourceDate "2021.10.06"]
[SourceVersion "1"]
[SourceVersionDate "2021.10.06"]
[SourceQuality "1"]

1. e4 c5 2. Nf3 Nc6 3. Bb5 e6 4. Bxc6 bxc6 5. b3 Ne7 6. Bb2 Ng6 7. e5 Qc7 8. 0-0 Be7 9. Na3 0-0 10. d3 f6 11. Re1 Nxe5 12. Nxe5 fxe5 13. Bxe5 d6 14. Bb2 e5 15. Nc4 Be6 16. f3 Rf6 17. Qe2 Rg6 18. Kh1 Rf8 19. Bc1 Qd7 20. Bd2 Rf5 21. g4 Rf7 22. Ne3 Bg5 23. Rf1 Rgf6 24. Nc4 Rxf3 25. Rxf3 Bd5 26. Raf1 Qxg4 27. Qg2 Rxf3 0-1

[Event "Sibiria Region-ch"]
[Site "Russia"]
[Date "2007.03.26"]
[Round "9"]
[White "Shirjaev, Alexandr"]
[Black "Aklanov, Fedor"]
[Result "1/2-1/2"]
[WhiteElo "2337"]
[BlackElo "2280"]
[PlyCount "106"]
[EventDate "2007.03.18"]
[EventType "swiss"]
[EventRounds "9"]
[EventCountry "RUS"]
[SourceTitle "EXT 2008"]
[Source "ChessBase"]
[SourceDate "2007.11.25"]
[SourceVersion "1"]
[SourceVersionDate "2007.11.25"]
[SourceQuality "1"]

1. e4 e5 2. Nf3 Nc6 3. d4 exd4 4. Nxd4 Bc5 5. Be3 Qf6 6. c3 Nge7 7. Bc4 Ne5 8. Be2 d5 9. 0-0 dxe4 10. Nd2 Bb6 11. Nxe4 Qg6 12. Ng5 h5 13. h3 Bd7 14. f4 N5c6 15. Bd3 f5 16. Bc4 Rf8 17. Qe2 Na5 18. Be6 0-0-0 19. Bxd7+ Rxd7 20. Nde6 Re8 21. Bxb6 cxb6 22. Rad1 Nd5 23. c4 Nc7 24. Rxd7 Kxd7 25. Rd1+ Kc8 26. Rd6 Nxe6 27. Nxe6 Qf7 28. b4 Nc6 29. c5 bxc5 30. bxc5 Nd4 31. Rxd4 Rxe6 32. Qd3 Kc7 33. Rd8 Qe7 34. Rg8 Qxc5+ 35. Kh2 Re7 36. Qd8+ Kc6 37. Qd1 Kb6 38. Qxh5 Qc4 39. Qg6+ Kc7 40. Rxg7 Qxf4+ 41. Qg3 Qxg3+ 42. Rxg3 Kd6 43. Rb3 b6 44. Kg3 Re2 45. a3 Ke5 46. Kf3 Ra2 47. g3 Rd2 48. h4 Rd5 49. a4 Rd4 50. Rb5+ Kf6 51. a5 Rd6 52. Kf4 Rd4+ 53. Ke3 Rd6 1/2-1/2

[Event "Sibiria Region-ch"]
[Site "Russia"]
[Date "2007.03.18"]
[Round "1"]
[White "Shirjaev, Alexandr"]
[Black "Eremeenko, Vladimir"]
[Result "1-0"]
[WhiteElo "2337"]
[BlackElo "2024"]
[PlyCount "55"]
[EventDate "2007.03.18"]
[EventType "swiss"]
[EventRounds "9"]
[EventCountry "RUS"]
[SourceTitle "EXT 2008"]
[Source "ChessBase"]
[SourceDate "2007.11.25"]
[SourceVersion "1"]
[SourceVersionDate "2007.11.25"]
[SourceQuality "1"]

1. e4 d6 2. d4 g6 3. Nc3 c6 4. f4 Bg7 5. Nf3 Bg4 6. Be2 Nd7 7. 0-0 Qb6 8. Be3 Qxb2 9. Qd2 Qb6 10. Rab1 Qc7 11. h3 Bxf3 12. Rxf3 Ngf6 13. e5 Nd5 14. exd6 exd6 15. Nxd5 cxd5 16. f5 0-0 17. Bh6 Nf6 18. Bd3 Rae8 19. Rbf1 Qb6 20. c3 Qd8 21. Bg5 Re4 22. Qf2 h6 23. Bxf6 Bxf6 24. fxg6 Bh4 25. g3 Bg5 26. Bxe4 dxe4 27. Rxf7 Re8 28. Rg7+ 1-0

[Event "Pula op 20th"]
[Site "Pula"]
[Date "2006.06.21"]
[Round "5"]
[White "Kveinys, Aloyzas"]
[Black "Shirjaev, Alexandr"]
[Result "1/2-1/2"]
[WhiteElo "2532"]
[BlackElo "2287"]
[PlyCount "152"]
[EventDate "2006.06.18"]
[EventType "swiss"]
[EventRounds "9"]
[EventCountry "CRO"]
[SourceTitle "CBM 112 Extra"]
[Source "ChessBase"]
[SourceDate "2006.07.14"]
[SourceVersion "1"]
[SourceVersionDate "2006.07.14"]
[SourceQuality "1"]

1. c4 Nf6 2. Nc3 c5 3. g3 d5 4. cxd5 Nxd5 5. Bg2 Nc7 6. d3 e5 7. Nf3 Nc6 8. 0-0 Be7 9. Nd2 Bd7 10. Nc4 f6 11. f4 b5 12. Ne3 Rb8 13. Nf5 Bxf5 14. Bxc6+ Bd7 15. Bxd7+ Qxd7 16. fxe5 fxe5 17. Be3 Rf8 18. Rxf8+ Kxf8 19. Qb3 Ne6 20. Rf1+ Kg8 21. Ne4 Rc8 22. Qc3 Nd4 23. Qd2 Qg4 24. Bxd4 exd4 25. Qa5 Qd7 26. b3 Qb7 27. Rf5 a6 28. Re5 Rc7 29. a4 h6 30. axb5 axb5 31. b4 cxb4 32. Rxb5 Qa7 33. Qxa7 Rxa7 34. Kf2 Kf7 35. Nd2 Ke6 36. Nb3 Rd7 37. Kf3 Rd5 38. Ke4 Rxb5 39. Nxd4+ Kd7 40. Nxb5 b3 41. Nc3 Bb4 42. Nb1 b2 43. Kd4 Be1 44. Kc4 Bf2 45. Kb3 Bd4 46. Kc2 Ke6 47. e4 Bg1 48. h3 Bf2 49. g4 Ke5 50. Nc3 Kf4 51. Nd5+ Kg3 52. e5 Kxh3 53. e6 Bc5 54. d4 Ba3 55. g5 h5 56. e7 Bxe7 57. Nxe7 Kg4 58. d5 h4 59. d6 h3 60. d7 h2 61. d8Q b1Q+ 62. Kxb1 h1Q+ 63. Kc2 Qg2+ 64. Kc3 Qf3+ 65. Kc4 Qf4+ 66. Kb5 Qxg5+ 67. Ka6 Qf6+ 68. Kb7 Qb2+ 69. Kc7 Qe5+ 70. Kc6 Qe6+ 71. Kb7 Qb3+ 72. Kc7 Qc4+ 73. Kb6 Qb3+ 74. Kc5 Qc3+ 75. Kb5 Qb2+ 76. Kc6 Qc2+ 1/2-1/2

[Event "Pula op 20th"]
[Site "Pula"]
[Date "2006.06.20"]
[Round "3"]
[White "Popovic, Dusan"]
[Black "Shirjaev, Alexandr"]
[Result "1-0"]
[WhiteElo "2496"]
[BlackElo "2287"]
[PlyCount "99"]
[EventDate "2006.06.18"]
[EventType "swiss"]
[EventRounds "9"]
[EventCountry "CRO"]
[SourceTitle "CBM 112 Extra"]
[Source "ChessBase"]
[SourceDate "2006.07.14"]
[SourceVersion "1"]
[SourceVersionDate "2006.07.14"]
[SourceQuality "1"]

1. e4 c5 2. Nf3 Nc6 3. Bb5 e6 4. 0-0 Nge7 5. c3 a6 6. Ba4 b5 7. Bc2 Bb7 8. Qe2 d5 9. e5 Qc7 10. d4 c4 11. a3 Nc8 12. Ng5 h6 13. Nh7 Be7 14. Qg4 g6 15. Nf6+ Bxf6 16. exf6 Nb6 17. Bf4 Qd8 18. Bxg6 Qxf6 19. Bh5 0-0-0 20. Bg3 Qe7 21. Bh4 f6 22. Re1 Kd7 23. Nd2 Rhg8 24. Qf4 Rdf8 25. Bg4 Nd8 26. Bh3 h5 27. Re2 Kc6 28. Bg3 Bc8 29. Rae1 Rf7 30. Nf3 Rfg7 31. Qe3 Bd7 32. Bh4 Qf7 33. Kh1 Nc8 34. Qf4 Rg6 35. Bg3 Rxg3 36. fxg3 Nd6 37. Nd2 Qe7 38. Rf1 Rg6 39. Bf5 Nxf5 40. Qxf5 Qh7 41. Qf4 Nf7 42. b3 Nd6 43. a4 Qg8 44. axb5+ axb5 45. Ra1 Qc8 46. bxc4 bxc4 47. Nf3 Nb5 48. Rea2 Kb6 49. Ra8 Qc7 50. Rb8+ 1-0

[Event "Pardubice op-A"]
[Site "Pardubice"]
[Date "2005.07.26"]
[Round "5"]
[White "Shirjaev, Alexandr"]
[Black "Vymazal, Bronislav"]
[Result "1-0"]
[WhiteElo "2311"]
[BlackElo "2212"]
[PlyCount "81"]
[EventDate "2005.07.22"]
[EventType "swiss"]
[EventRounds "9"]
[EventCountry "CZE"]
[SourceTitle "CBM 107 Extra"]
[Source "ChessBase"]
[SourceDate "2005.09.01"]
[SourceVersion "1"]
[SourceVersionDate "2005.09.01"]
[SourceQuality "1"]

1. e4 b6 2. d4 Bb7 3. Nc3 e6 4. Bd3 Nf6 5. Nf3 Bb4 6. Qe2 d5 7. exd5 Nxd5 8. Bd2 Nxc3 9. bxc3 Be7 10. 0-0 Nd7 11. a4 0-0 12. a5 c5 13. a6 Bc6 14. Bf4 Bf6 15. Ne5 Bxe5 16. dxe5 Re8 17. c4 Nf8 18. Rfd1 Qc7 19. h4 f5 20. h5 Rad8 21. Bg5 Rd4 22. f3 h6 23. Be3 Rh4 24. Bf2 Rxh5 25. f4 Qf7 26. Qe3 g5 27. Be2 gxf4 28. Bxh5 Qxh5 29. Qxf4 Ng6 30. Qh2 Qg5 31. Rd6 Nxe5 32. Qg3 Be4 33. Rad1 Kf7 34. Kf1 Nxc4 35. Rd7+ Re7 36. Rxe7+ Kxe7 37. Qc7+ Ke8 38. Qc8+ Kf7 39. Rd7+ Kg6 40. Qe8+ Kf6 41. Bh4 1-0

[Event "RUS-ch U18"]
[Site "Dagomys"]
[Date "2004.04.??"]
[Round "8"]
[White "Melnikov, Alexey"]
[Black "Shirjaev, Alexandr"]
[Result "0-1"]
[WhiteElo "2174"]
[BlackElo "2297"]
[PlyCount "70"]
[EventDate "2004.04.??"]
[EventType "swiss"]
[EventRounds "10"]
[EventCountry "RUS"]
[SourceTitle "EXT 2005"]
[Source "ChessBase"]
[SourceDate "2004.11.15"]
[SourceVersion "1"]
[SourceVersionDate "2004.11.15"]
[SourceQuality "1"]

1. e4 c5 2. Nc3 Nc6 3. g3 g6 4. Bg2 Bg7 5. d3 Rb8 6. f4 b5 7. Nf3 d6 8. 0-0 e6 9. h3 Nge7 10. Ne2 0-0 11. Kh2 b4 12. g4 f5 13. Ng3 fxg4 14. hxg4 Nd4 15. Nxd4 Bxd4 16. Bh3 Nc6 17. Kg2 Bg7 18. Rh1 Rb7 19. Rf1 Rbf7 20. a3 a5 21. Ne2 Bd7 22. c3 bxc3 23. bxc3 d5 24. Be3 Qe7 25. Qc2 d4 26. Bd2 dxc3 27. Bxc3 Nd4 28. Nxd4 Bxd4 29. Bxd4 cxd4 30. Qc7 Qh4 31. Qxa5 Rxf4 32. Rxf4 Rxf4 33. Qe1 Qg5 34. Qg3 e5 35. Rf1 Rxf1 0-1

[Event "RUS-ch U18"]
[Site "Dagomys"]
[Date "2004.04.??"]
[Round "2"]
[White "Nepomniachtchi, Ian"]
[Black "Shirjaev, Alexandr"]
[Result "1-0"]
[WhiteElo "2433"]
[BlackElo "2297"]
[PlyCount "70"]
[EventDate "2004.04.??"]
[EventType "swiss"]
[EventRounds "10"]
[EventCountry "RUS"]
[SourceTitle "EXT 2005"]
[Source "ChessBase"]
[SourceDate "2004.11.15"]
[SourceVersion "1"]
[SourceVersionDate "2004.11.15"]
[SourceQuality "1"]

1. e4 c5 2. c3 Nf6 3. e5 Nd5 4. d4 cxd4 5. Nf3 Nc6 6. Bc4 Nb6 7. Bb3 g6 8. cxd4 Bg7 9. a4 d5 10. Nc3 0-0 11. 0-0 Bg4 12. Be3 Na5 13. Ba2 Rc8 14. h3 Bd7 15. Bg5 Be6 16. Qe2 Nac4 17. Rac1 Qd7 18. b3 Na5 19. Qd2 Nc6 20. Ne2 f6 21. exf6 exf6 22. Be3 a5 23. Rc5 Bf7 24. Rfc1 Rfe8 25. Rb5 Na8 26. Nf4 Kh8 27. Rbc5 b6 28. R5c3 Nb4 29. Bb1 Nc7 30. h4 Ne6 31. Nd3 Bf8 32. Nde5 fxe5 33. Nxe5 Rxc3 34. Nxd7 Rxc1+ 35. Qxc1 Bg7 1-0

[Event "RUS-chT2"]
[Site "Novokuznetsk"]
[Date "2003.??.??"]
[Round "4"]
[White "Iskusnyh, Sergei"]
[Black "Shirjaev, Alexandr"]
[Result "1-0"]
[WhiteElo "2496"]
[BlackElo "2203"]
[PlyCount "77"]
[EventDate "2003.??.??"]
[EventType "team"]
[EventRounds "9"]
[EventCountry "RUS"]
[SourceTitle "EXT 2005"]
[Source "ChessBase"]
[SourceDate "2004.11.15"]
[SourceVersion "1"]
[SourceVersionDate "2004.11.15"]
[SourceQuality "1"]

1. Nf3 Nf6 2. c4 e6 3. g3 d5 4. d4 c5 5. Bg2 Nc6 6. 0-0 Be7 7. Nc3 0-0 8. cxd5 exd5 9. Bg5 Bf5 10. dxc5 d4 11. Nb5 Bxc5 12. Qc1 Bb6 13. Qf4 Be6 14. Rfd1 Nd5 15. Qe4 Nf6 16. Qh4 h6 17. Bxf6 Qxf6 18. Qxf6 gxf6 19. Nfxd4 Nxd4 20. Nxd4 Rfd8 21. e3 Bg4 22. Rd2 Rac8 23. Bxb7 Rc7 24. Bg2 Rcd7 25. h3 Bxd4 26. exd4 Be6 27. d5 Bxd5 28. Rad1 Be6 29. Rxd7 Rxd7 30. Rxd7 Bxd7 31. Kf1 Bb5+ 32. Ke1 Kf8 33. Kd2 Ke7 34. Bd5 Bf1 35. h4 f5 36. Ke3 f6 37. Kf4 Bd3 38. Bg8 Bb1 39. a3 1-0